000
00341nam a22001457a 4500
008
221206b ||||| |||| 00| 0 eng d
020
_a
9780443066269
041
_a
eng
080
_2
FIFTH EDITION
_a
61
082
_a
61HOT
100
_a
2
101
_a
MJK
245
_a
GREEN'S OPERATIVE HAND SURGERY
_c
GREEN HOTCHKISS
942
_2
udc
_c
BK
999
_c
59116
_d
59116